Signal processing and linear systems (Record no. 1319)

000 -LEADER
fixed length control field 00543nam a2200205 a 4500
001 - CONTROL NUMBER
control field 1319
003 - CONTROL NUMBER IDENTIFIER
control field BD-DhUET
008 - FIXED-LENGTH DATA ELEMENTS--GENERAL INFORMATION
fixed length control field 980109s1998 caua b 001 0 eng
020 ## - INTERNATIONAL STANDARD BOOK NUMBER
International Standard Book Number 0941413357
040 ## - CATALOGING SOURCE
Original cataloging agency DLC
Transcribing agency DLC
Modifying agency BD-DhUET
082 00 - DEWEY DECIMAL CLASSIFICATION NUMBER
Classification number 623.22
Item number LAT/1998
100 ## - MAIN ENTRY--PERSONAL NAME
Personal name Lathi B. P.
245 10 - TITLE STATEMENT
Title Signal processing and linear systems
250 ## - EDITION STATEMENT
Edition statement 1st ed
260 ## - PUBLICATION, DISTRIBUTION, ETC. (IMPRINT)
Place of publication, distribution, etc. New York
Name of publisher, distributor, etc. Oxford University Press
Date of publication, distribution, etc. 1998
300 ## - PHYSICAL DESCRIPTION
Extent x, 850 p.
Other physical details ill.
Dimensions 24 cm.
504 ## - BIBLIOGRAPHY, ETC. NOTE
Bibliography, etc Includes bibliographies
650 #0 - SUBJECT ADDED ENTRY--TOPICAL TERM
Topical term or geographic name as entry element Digital signal processing
942 ## - ADDED ENTRY ELEMENTS (KOHA)
Koha item type General Book
Holdings
Damaged status Price effective from Koha date last borrowed Location (home branch) Withdrawn status Shelving location Piece designation (barcode) Not for loan Date acquired Koha full call number Koha item type Sublocation or collection (holding branch) Lost status Koha renewals Koha date last seen Copy number Koha normalized classification for sorting Source of classification or shelving scheme Koha issues (times borrowed)
 2014-09-03 Central Library, BUET Circulation section103856 2014-09-03623.22/LAT/1998General BookCentral Library, BUET 22019-09-141623_000000000000000_22LAT1998  
 2014-09-03 Central Library, BUET Circulation section103857 2014-09-03623.22/LAT/1998General BookCentral Library, BUET  2014-09-032623_000000000000000_22LAT1998  
 2014-09-032015-06-13Central Library, BUET Circulation section103859 2014-09-03623.22/LAT/1998General BookCentral Library, BUET  2017-08-193623_220000000000000_LAT_1998 1
 2014-09-032015-10-20Central Library, BUET Circulation section103860 2014-09-03623.22/LAT/1998General BookCentral Library, BUET  2017-01-084623_000000000000000_22LAT1998 1
 2014-09-032015-05-25Central Library, BUET Circulation section103863 2014-09-03623.22/LAT/1998General BookCentral Library, BUET  2017-04-115623_000000000000000_22LAT1998 1
 2014-09-032015-05-25Central Library, BUET Circulation section103864 2014-09-03623.22/LAT/1998General BookCentral Library, BUET  2017-06-136623_000000000000000_22LAT1998 1
 2014-09-03 Central Library, BUET Circulation section103865 2014-09-03623.22/LAT/1998General BookCentral Library, BUET  2017-08-207623_000000000000000_22LAT1998  
 2014-11-18 Central Library, BUET Circulation section103858 2014-11-18623.22/LAT/1998General BookCentral Library, BUET  2017-10-108623_000000000000000_22LAT1998  
 2014-12-022017-04-18Central Library, BUET Circulation section103861 2014-12-02623.22 LAT/1998General BookCentral Library, BUET  2017-05-319623_220000000000000_LAT1998 1
 2015-06-03 Central Library, BUET Circulation section100035 2015-06-03623.22/LAT/1998General BookCentral Library, BUET 22017-02-0610623_220000000000000_LAT_1998  
 2017-10-312025-09-07Central Library, BUET Circulation section103862 2007-05-28623.22/LAT/1998General BookCentral Library, BUET  2025-09-1711623_220000000000000_LAT_1998 2